Tilastot visalle Suomen maakuntien suurimmat kunnat

Klikkaa tästä pelataksesi tätä visaa!

Yleistilastot

  • Tätä visaa on pelattu 1 264 kertaa
  • Keskiarvotulos 38 / 54

Vastaustilastot

HintVastaus% Oikein
UusimaaEspoo
99%
UusimaaHelsinki
99%
UusimaaVantaa
99%
Varsinais-SuomiTurku
98%
PirkanmaaTampere
97%
SatakuntaPori
96%
LappiRovaniemi
95%
Pohjois-PohjanmaaOulu
94%
Keski-SuomiJyväskylä
93%
Pohjois-KarjalaJoensuu
92%
Pohjois-SavoKuopio
92%
Päijät-HämeLahti
91%
Etelä-KarjalaLappeenranta
91%
Kanta-HämeHämeenlinna
90%
PohjanmaaVaasa
90%
KainuuKajaani
87%
KymenlaaksoKotka
87%
KymenlaaksoKouvola
87%
SatakuntaRauma
86%
Etelä-PohjanmaaSeinäjoki
86%
LappiKemi
84%
Etelä-SavoMikkeli
83%
Keski-PohjanmaaKokkola
82%
LappiTornio
82%
Etelä-KarjalaImatra
80%
Varsinais-SuomiSalo
77%
Etelä-SavoSavonlinna
77%
PirkanmaaNokia
76%
KymenlaaksoHamina
67%
Kanta-HämeRiihimäki
67%
Päijät-HämeHeinola
66%
Pohjois-SavoIisalmi
65%
Keski-SuomiJämsä
64%
Pohjois-PohjanmaaRaahe
63%
PirkanmaaYlöjärvi
62%
Päijät-HämeHollola
61%
Varsinais-SuomiKaarina
61%
KainuuSotkamo
58%
Kanta-HämeForssa
57%
PohjanmaaPietarsaari
57%
Etelä-PohjanmaaKauhava
53%
Etelä-PohjanmaaLapua
53%
Pohjois-PohjanmaaKempele
51%
Keski-SuomiÄänekoski
50%
KainuuKuhmo
50%
Pohjois-SavoSiilinjärvi
48%
Etelä-SavoPieksämäki
46%
SatakuntaUlvila
44%
PohjanmaaMustasaari
39%
Pohjois-KarjalaKontiolahti
37%
Pohjois-KarjalaLiperi
37%
Keski-PohjanmaaKannus
36%
Keski-PohjanmaaKaustinen
34%
Etelä-KarjalaRuokolahti
29%

Tulosjakauma

Persentiili vastausten määrän mukaan

Jokaisen tuloksen saaneiden osuus

Tuloshistoriasi

Et ole pelannut tätä visaa